<?xml version="1.0" encoding="UTF-8"?>
<record
    xmlns:xsi="http://www.w3.org/2001/XMLSchema-instance"
    xsi:schemaLocation="http://www.loc.gov/MARC21/slim http://www.loc.gov/standards/marcxml/schema/MARC21slim.xsd"
    xmlns="http://www.loc.gov/MARC21/slim">

  <leader>00568nam a22001817a 4500</leader>
  <datafield tag="999" ind1=" " ind2=" ">
    <subfield code="c">7361</subfield>
    <subfield code="d">7361</subfield>
  </datafield>
  <controlfield tag="008">210916b           ||||| |||| 00| 0 eng d</controlfield>
  <datafield tag="020" ind1=" " ind2=" ">
    <subfield code="a">9788417941130</subfield>
  </datafield>
  <datafield tag="040" ind1=" " ind2=" ">
    <subfield code="a">CDMR</subfield>
  </datafield>
  <datafield tag="100" ind1=" " ind2=" ">
    <subfield code="9">4653</subfield>
    <subfield code="a">de Juan, Nana</subfield>
  </datafield>
  <datafield tag="245" ind1=" " ind2=" ">
    <subfield code="a">Cr&#xF3;nicas impertinentes desde mi conf&#xED;n</subfield>
    <subfield code="c">Nana de Juan ; Ilustraciones de Lola Garc&#xED;a Paz</subfield>
  </datafield>
  <datafield tag="250" ind1=" " ind2=" ">
    <subfield code="a">2&#xAA;</subfield>
  </datafield>
  <datafield tag="260" ind1=" " ind2=" ">
    <subfield code="a">Sevilla</subfield>
    <subfield code="b">Samarcanda</subfield>
    <subfield code="c">2020</subfield>
  </datafield>
  <datafield tag="300" ind1=" " ind2=" ">
    <subfield code="a">264 p&#xE0;gines</subfield>
    <subfield code="c">22 cm</subfield>
  </datafield>
  <datafield tag="600" ind1=" " ind2="0">
    <subfield code="9">4653</subfield>
    <subfield code="a">de Juan, Nana</subfield>
    <subfield code="x">Biografia</subfield>
  </datafield>
  <datafield tag="650" ind1=" " ind2="0">
    <subfield code="9">4656</subfield>
    <subfield code="a">COVID-19 (Malaltia)</subfield>
    <subfield code="x">Diaris &#xED;ntims</subfield>
  </datafield>
  <datafield tag="700" ind1=" " ind2=" ">
    <subfield code="9">4654</subfield>
    <subfield code="a">Garc&#xED;a Paz, Lola</subfield>
  </datafield>
  <datafield tag="942" ind1=" " ind2=" ">
    <subfield code="2">udc</subfield>
    <subfield code="c">MON</subfield>
  </datafield>
  <datafield tag="952" ind1=" " ind2=" ">
    <subfield code="0">0</subfield>
    <subfield code="1">0</subfield>
    <subfield code="2">udc</subfield>
    <subfield code="4">0</subfield>
    <subfield code="7">0</subfield>
    <subfield code="a">CDMR</subfield>
    <subfield code="b">CDMR</subfield>
    <subfield code="e">Donaci&#xF3;</subfield>
    <subfield code="g">17.00</subfield>
    <subfield code="l">0</subfield>
    <subfield code="o">Du 1/162</subfield>
    <subfield code="p">CDMR21090003</subfield>
    <subfield code="r">2021-09-16</subfield>
    <subfield code="w">2021-09-16</subfield>
    <subfield code="y">MON</subfield>
  </datafield>
</record>
